चारोंधामकी यात्रा / (Record no. 1069646)

MARC details
000 -LEADER
fixed length control field 01185nam a2200313 a 4500
001 - CONTROL NUMBER
control field vtls001617903
003 - CONTROL NUMBER IDENTIFIER
control field NLI
005 - DATE AND TIME OF LATEST TRANSACTION
control field 20210628134002.0
008 - FIXED-LENGTH DATA ELEMENTS--GENERAL INFORMATION
fixed length control field 121214s1925 ii 000 0 hin
039 #9 - LEVEL OF BIBLIOGRAPHIC CONTROL AND CODING DETAIL [OBSOLETE]
-- 201212141926
-- VLOAD
040 ## - CATALOGING SOURCE
Original cataloging agency NLI
Language of cataloging hineng
Transcribing agency Datasoft_Hindi
Description conventions AACR2
041 0# - LANGUAGE CODE
Language code of text/sound track or separate title hin
044 ## - COUNTRY OF PUBLISHING/PRODUCING ENTITY CODE
MARC country code ii
084 04 - OTHER CLASSIFICATION NUMBER
Classification number 181
100 1# - MAIN ENTRY--PERSONAL NAME
Linkage 880-01
Personal name दाधीच, ठाकुरदत्त शर्मा
9 (RLIN) 679897
245 10 - TITLE STATEMENT
Linkage 880-02
Title चारोंधामकी यात्रा /
Statement of responsibility, etc. ठाकुरदत्त शर्मा दाधीच
260 ## - PUBLICATION, DISTRIBUTION, ETC.
Place of publication, distribution, etc. कलकत्ता :
Name of publisher, distributor, etc. दधीचि,
Date of publication, distribution, etc. 1925
300 ## - PHYSICAL DESCRIPTION
Extent 127 p. ;
Dimensions 16 cm.
650 #0 - SUBJECT ADDED ENTRY--TOPICAL TERM
Topical term or geographic name entry element Pilgrims and pilgrimages
Geographic subdivision India
9 (RLIN) 748763
650 #0 - SUBJECT ADDED ENTRY--TOPICAL TERM
Topical term or geographic name entry element Description and travels
9 (RLIN) 699100
880 10 - ALTERNATE GRAPHIC REPRESENTATION
Linkage 245-02(B
a Cāroṁdhāmakī yātrā /
c Ṭhākuradatta Śarmā Dādhīca
880 1# - ALTERNATE GRAPHIC REPRESENTATION
Linkage 100-01(B
a Dādhīca, Ṭhākuradatta Śarmā
887 ## - NON-MARC INFORMATION FIELD
Content of non-MARC field Abrar Ahmed 01.03.12 (Mita 05.03.2012)
901 ## - LOCAL DATA ELEMENT A, LDA (RLIN)
a IMP775
b 01.03.2012
902 ## - LOCAL DATA ELEMENT B, LDB (RLIN)
a 181 Cc 92.6 b
904 ## - LOCAL DATA ELEMENT D, LDD (RLIN)
c Abrar Ahmed 01.03.12 (Mita 05.03.2012)
l O 24
949 ## - LOCAL PROCESSING INFORMATION (OCLC)
-- VIRTUAITEM
-- 10000
-- 100
6 IMP000000775HIN
942 ## - ADDED ENTRY ELEMENTS (KOHA)
Source of classification or shelving scheme Dewey Decimal Classification
Koha item type Books
Holdings
Withdrawn status Lost status Damaged status Not for loan Home library Current library Date acquired Total Checkouts Full call number Barcode Date last seen Price effective from Koha item type
        National Library of India National Library of India     181 Cc 92.6 b IMP000000775HIN 28/06/2021 28/06/2021 Books
                                                                           
web counter

Copyright ©2020 The National Library of India, Govt. of India ↔ Hosted by NVLI, MOC ↔ Technology and Design by National Library of India, Ministry of Culture, Govt. of India